Islamic rings and gems : the Benjamin Zucker collection /
| Other Authors: | |
|---|---|
| Format: | Book |
| Language: | English Arabic Hebrew |
| Published: |
London :
Philip Wilson Publishers Limited,
1987.
|
| Subjects: |
MARC
| Tag | First Indicator | Second Indicator | Subfields |
|---|---|---|---|
| LEADER | 00000cam a2200000 a 4500 | ||
| 001 | in00000013795 | ||
| 005 | 20151007052431.0 | ||
| 008 | 870929s1987 enka b 00010 eng d | ||
| 020 | |a 0856673331 |c $93.15 | ||
| 035 | |a (OCoLC)16781370 | ||
| 035 | |9 AAA7765AM | ||
| 040 | |a IUA |c IUA |d SMI |d TXA |d UtOrBLW | ||
| 041 | 0 | |a eng |a ara |a heb | |
| 049 | |a TXAM |c [A11031338] | ||
| 050 | 4 | |a NK7308.9 |b .I82 1987 | |
| 245 | 0 | 0 | |a Islamic rings and gems : |b the Benjamin Zucker collection / |c edited by Derek J. Content ; with contributions by Derek J. Content [and others]. |
| 264 | 1 | |a London : |b Philip Wilson Publishers Limited, |c 1987. | |
| 300 | |a 551 pages : |b illustrations (some color) ; |c 29 cm. | ||
| 336 | |a text |b txt |2 rdacontent | ||
| 337 | |a unmediated |b n |2 rdamedia | ||
| 338 | |a volume |b nc |2 rdacarrier | ||
| 500 | |a English, Arabic and Hebrew. | ||
| 504 | |a Bibliography: pages 535-547. | ||
| 500 | |a Illustrations on lining papers. | ||
| 600 | 1 | 0 | |a Zucker, Benjamin, |d 1940- |x Art collections. |
| 650 | 0 | |a Islamic jewelry. | |
| 650 | 0 | |a Gems |x Exhibitions. | |
| 650 | 0 | |a Rings |x Exhibitions. | |
| 700 | 1 | |a Content, Derek J. | |
| 999 | |a MARS | ||
| 999 | f | f | |s 6d9b5acd-4705-3df9-92c2-bd6a2d4aca73 |i 080981a1-0147-336e-8520-f2217cb75895 |t 0 |
| 952 | f | f | |p normal |a Texas A&M University |b College Station |c Sterling C. Evans Library |d Evans: Library Stacks |t 0 |e NK7308.9 .I82 1987 |h Library of Congress classification |i unmediated -- volume |m A14811031338 |
| 998 | f | f | |a NK7308.9 .I82 1987 |t 0 |l Evans: Library Stacks |